1828 1290 1396 1320 1613 1987 1292 1074 1411 1619 1758 1854 1909 1148 1378 1595 1440 1191 1733 1156 1872 1023 1299 1673 1855 1891 1622 1572 1390 1796 1271 1975 1275 1548 1677 1355 1849 1712 1477 1859 1676 1944 1493 1829 1235 1651 1014 1218 1792 1299 1471 1016 1032 1466 1113 1841 1073 1087 1299 1449 1540 1040 1726 1845 1025 1986 1797 1815 1731 1339 1606 1634 1964 1245 1637 1797 1795 1731 1097 1037 1719 1619 1025 1345 1715 1601 1863 1999 1955 1089 1938 1768 1725 1252 1073 1945 1312 1307 1997 BCNSPRNW ULIB Ver.6.0+V

เปลี่ยนเป็นภาษาไทย

Change to English
 แสดงรายละเอียดบรรณานุกรม
  กลับหน้าหลัก

Brief Record : Get Marc (ISO 2709) : E-mail record : QR code < ปิดหน้าต่าง
LEADER : 00000nam 2200000uu 4500
001    13399128347
003     ULIB
008    230620s2564||||th 000 0 tha d
020    ^a9786164436077(ล.1)
060 04 ^aWS200^bส855ต^cล.1
245 00 ^aตำรากุมารเวชศาสตร์ศิริราช :^bภาวะทางคลินิกที่สำคัญ เล่ม 1 /^cสุรชัย ลิขสิทธิ์วัฒนกุล ... [และคนอื่นๆ]
250    ^aพิมพ์ครั้งที่ 1
260    ^aกรุงเทพฯ :^bภาควิชากุมารเวชศาสตร์ คณะแพทยศาสตร์ศิริราชพยาบาลมหาวิทยาลัยมหิดล,^c2564
300    ^axvii, 859หน้า :^bภาพประกอบ ;^c24 ซม.
505 0  ^aGastroenterology -- Cheonatal Cholestasis (ภาวะน้ำดีคั่งในทารกแรกเกิด) -- Cholestatic Liver Diseases in Children (โรคตับชนิดที่มีน้ำดีคั่งในเด็ก) -- Gastrointestinal Hemorrhage (ภาวะเลือดออกจากทางเดินอาหาร) -- Chronic Abdominal Pain (ปวดท้องเรื้อรัง) -- Chronic Diarrhea (อุจจาระร่วงเรื้อรัง) -- Gastroesophageal Reflux Disease (ภาวะกรดไหลย้อน) -- Genetics -- Cytogenetics and Chromosomal Disorders.(เซลล์พันธุศาสตร์และโรคพันธุกรรมที่เกิดจากโครโมโชมผิดปกติ) -- Single-Gene Disorders (โรคยีนเดี่ยว) -- Birth Defects (ความผิดปกติแต่กำเนิด) -- Inborn Error of Metabolism (โรคพันธุกรรมเมตาบอลิก) -- Genetic Counseling (การให้คำปรึกษาแนะนำทางพันธุศาสตร์) -- Growth/Development -- Enuresis and Encopresis (ปัสสาวะรดและอุจจาระรด) -- Cerebral Palsy (ภาวะสมองพิการ) -- Intellectual Disability (ภาวะบกพร่องทางสติปัญญา) -- ematology/Oncology -- Thalassemia and Hemoglobinopathy (โรคโลหิตจางธาลัสซีเมีย) -- Bone Marrow Failure (โรคไขกระดูกฝ่อ) -- Hemophilia (ฮีโมฟีเลีย)-- Immune Thrombocytopenia -- Thrombosis (ภาวะลิ่มเลือดอุดตัน) -- Emergency in Pediatric Oncology (ภาวะฉุกเฉินทางมะเร็งวิทยาในเด็ก) -- Leukemia (มะเร็งเม็ดเลือดขาว) -- Childhood Lymphoma (มะเร็งต่อมน้ำเหลืองในเด็ก) -- Solid Tumor (มะเร็งชนิดเป็นก้อน) -- Practical Points in Transfusion (เวชปฏิบัติทั่วไปในการให้เลือดและส่วนประกอบของเลือด) -- Infectious diseases -- Congenital infections (โรคติดเชื้อแต่กำเนิด) -- Dengue Hemorrhagic Fever (ไข้เลือดออกเดงกี) -- Pulmonary Tuberculosis (วัณโรคปอด) -- HIV/AIDS (โรคติดเชื้อเอชไอวีในเด็กและวัยรุ่น) -- Vaccine Preventable Diseases (โรคที่ป้องกันได้ด้วยวัคซีน) -- Salmonella Infection (โรคติดเชื้อซัลโมเนลล่า) -- Tropical Infectious Diseases (โรคติดเชื้อเขตร้อน) -- Neonatology -- Care of Premature Infants (การดูแลทารกเกิดก่อนกำหนด) -- Perinatal Asphyxia (ภาวะขาดออกซิเจนปริกำเนิด) -- Birth Injuries (การบาดเจ็บระหว่างการคลอด) -- Common Neonatal Respiratory Disorders (ความผิดปกติของระบบหายใจที่พบบ่อยในทารกแรกเกิด) -- Significant Pulmonary Complications in the Newborn (ภาวะแทรกซ้อนที่สำคัญของระบบหายใจในทารกแรกเกิด) -- Neonatal Infections (ภาวะติดเชื้อในทารกแรกเกิด) -- Intracranial Hemorrhage in Neonates (ภาวะเลือดออกในกะโหลกศีรษะในทารกแรกเกิด) Noninvasive Ventilation Support in Neonates (การช่วยหายใจแบบไม่รุกรานสำหรับทารกแรกเกิด) vasive Mechanical Ventilation in Neonates (การใช้เครื่องช่วยหายใจในทารกแรกเกิด) -- Common Surgical Problems in Newborn (ปัญหาทางศัลยกรรมที่พบบ่อยในทารกแรกเกิด)
650  4 ^aกุมารเวชศาสตร์
650  4 ^aเด็ก^xโรค
653    ^aผลงานอาจารย์คณะแพทยศาสตร์ศิริราชพยาบาล
700 0  ^aสุรชัย ลิขสิทธิ์วัฒนกุล
700 0  ^aวิฐารณ บุญสิทธิ
700 0  ^aวาณี วิสุทธิ์เสรีวงศ์
700 0  ^aรัตนาวลัย นิติยารมย์
700 0  ^aอัจฉรา สัมบุณณานนท์
710 2  ^aมหาวิทยาลัยมหิดล.^bคณะแพทยศาสตร์ศิริราชพยาบาล.^bภาควิชากุมารเวชศาสตร์
945    ^p2000^l0^i009720
945    ^p2000^l0^i009721
945    ^p2000^l0^i009722
999    ^aประนอม เกษจรัล
รายการนี้ยังไม่มีแท็ก
คุณยังไม่ได้ล็อกอิน คุณสามารถมีกิจกรรมร่วมกับเว็บไซต์ได้ แต่ต้องล็อกอินก่อน ::
  ล็อกอิน

รายการสื่อสารสนเทศ

ลำดับที่ ประเภท เลขเรียก/บาร์โค้ด สถานที่ สถานะ
1. วิทยาศาสตร์การแพทย์ และสุขภาพ
หนังสือสำรอง
สถานะ=หนังสือสำรอง
WS200 ส855ต ล.1 ฉ.1 
  Barcode: 009720
ห้องสมุดวิทยาเขตสวรรค์ประชารักษ์
►หนังสือทั่วไป
บนชั้น
2. วิทยาศาสตร์การแพทย์ และสุขภาพ
วิทยาศาสตร์การแพทย์ และสุขภาพ
WS200 ส855ต ล.1 ฉ.2 
  Barcode: 009721
ห้องสมุดวิทยาเขตสวรรค์ประชารักษ์
►หนังสือทั่วไป
บนชั้น
3. วิทยาศาสตร์การแพทย์ และสุขภาพ
วิทยาศาสตร์การแพทย์ และสุขภาพ
WS200 ส855ต ล.1 ฉ.3 
  Barcode: 009722
ห้องสมุดวิทยาเขตสวรรค์ประชารักษ์
►หนังสือทั่วไป
บนชั้น

รายการใกล้เคียง
    หัวเรื่อง [กุมารเวชศาสตร์]

BibComment


ยังไม่เคยถูกคอมเมนท์

คอมเมนท์ทรัพยากรรายการนี้
  คอมเมนท์: ตำรากุมารเวชศาสต..


 Copyright 2026. Bcnsprnw @Library